| Tag |
First Indicator |
Second Indicator |
Subfields |
| LEADER |
00000cam a2200000 4500 |
| 001 |
in00000205821 |
| 005 |
20151009061209.0 |
| 008 |
740809s1973 txu b s00010 eng d |
| 010 |
|
|
|a 74621992
|
| 035 |
|
|
|a (OCoLC)00993207
|
| 035 |
|
|
|9 AAX5507AM
|
| 040 |
|
|
|a DLC
|c DLC
|d TXA
|d UtOrBLW
|
| 043 |
|
|
|a n-us-tx
|
| 049 |
|
|
|a TXAM
|c [1372286]
|
| 050 |
0 |
0 |
|a HV98.T5
|b W47
|
| 082 |
0 |
|
|a 362/.9764
|
| 100 |
1 |
|
|a Whiteside, Ruth A.
|
| 245 |
1 |
4 |
|a The impact of the Texas constitution on public welfare /
|c by Ruth A. Whiteside.
|
| 264 |
|
1 |
|a Houston :
|b [Institute for Urban Studies, University of Houston],
|c 1973.
|
| 300 |
|
|
|a 45 . ;
|c 28 cm.
|
| 336 |
|
|
|a text
|b txt
|2 rdacontent
|
| 337 |
|
|
|a unmediated
|b n
|2 rdamedia
|
| 338 |
|
|
|a volume
|b nc
|2 rdacarrier
|
| 500 |
|
|
|a Cover title: The Texas constitution, its impact on public welfare.
|
| 504 |
|
|
|a Bibliography: leaves 44-45.
|
| 651 |
|
0 |
|a Texas
|x Constitution.
|
| 650 |
|
0 |
|a Public welfare
|z Texas
|x History.
|
| 651 |
|
0 |
|a Texas
|x Constitutional history.
|
| 740 |
4 |
|
|a The Texas constitution, its impact on public welfare.
|
| 999 |
|
|
|a MARS
|
| 999 |
f |
f |
|s 65e16dc5-50e6-30f0-b18c-34a585453483
|i abb263fc-5591-3ea7-9594-6710379de66c
|t 0
|
| 952 |
f |
f |
|p ric
|a Texas A&M University
|b Rellis Campus
|c Joint Library Facility
|d Remote Storage
|t 0
|e HV98.T5 W47
|h Library of Congress classification
|i unmediated -- volume
|m A14803013889
|
| 998 |
f |
f |
|a HV98.T5 W47
|t 0
|l Remote Storage
|